| 000 | 00334nam a2200109Ia 4500 | ||
|---|---|---|---|
| 008 | 220214s9999 xx 000 0 und d | ||
| 100 | _aHussein Norhara Bt | ||
| 245 | 0 | _aPreliminary assessment of the relative susceptibility of rubberwood to beetle infestations | |
| 260 |
_bMalaysian Forester _c1981 |
||
| 300 | _a482-487 | ||
| 942 | _cRE | ||
| 999 |
_c45969 _d45969 |
||